Plan estratégico de publicidad para el programa patrimonio hoy de la Célula Batahola Sur
Presenta un diseño de un plan estratégico de publicidad, para la adecuación de los procesos de publicidad del Programa Patrimonio Hoy de la Célula Batahola Sur. Este plan tiene por objetivo mejorar los medio que se utilizan para promover este programa como Volante, perifoneo y mantas, para garan...
| Main Authors: | , , |
|---|---|
| Other Authors: | |
| Format: | Tesis Section = Libro |
| Language: | Undetermined Spanish |
| Published: |
Managua
UNI
2017
|
| Subjects: |
| LEADER | 01314nam a2200313Ia 4500 | ||
|---|---|---|---|
| 008 | 240830s9999 xx 000 0 und d | ||
| 040 | |a BIBLIOTECA-RUPAP T.Mon 659 S687 | ||
| 041 | |a spa | ||
| 082 | |a T.Mon 659 S687 | ||
| 100 | 1 | |a Solís Medal, Esperanza del Socorro | |
| 100 | 1 | |b López Ampie, María Elena. | |
| 100 | 1 | |c Arauz González, Adonis Salvador | |
| 245 | 1 | 0 | |a Plan estratégico de publicidad para el programa patrimonio hoy de la Célula Batahola Sur |
| 260 | |a Managua |b UNI |c 2017 | ||
| 300 | |a 49 p. :il. | ||
| 500 | |a Contiene: anexos e Incluye: CD. | ||
| 502 | |a Tesis (Ingeniero de Sistemas)- UNI, 2017. | ||
| 520 | 3 | |a Presenta un diseño de un plan estratégico de publicidad, para la adecuación de los procesos de publicidad del Programa Patrimonio Hoy de la Célula Batahola Sur. Este plan tiene por objetivo mejorar los medio que se utilizan para promover este programa como Volante, perifoneo y mantas, para garantizar una mejor proyección de publicidad. | |
| 650 | 7 | |a PUBLICIDAD | |
| 650 | 7 | |b PLAN ESTRATEGICO | |
| 650 | 7 | |c MERCADEO | |
| 650 | 7 | |d PRESUPUESTO | |
| 650 | 7 | |e ESTRUCTURA ORGANIZATIVA | |
| 650 | 7 | |f PATRIMONIO HOY | |
| 650 | 7 | |g PROGRAMAS SOCIAL. | |
| 700 | 1 | |a Tutor: |b Orozco Miranda, Hazzely del Carmen | |
| 942 | |c BK |2 ddc | ||
| 991 | |a TESIS | ||
| 999 | |c 18779 | ||